00166nam a22000737a 4500100001900000245004800019260001700067300000800084 aMohammad S.E.A aRetarded Functional Differential Equations  aLondonc1978 a147